000 01245cam a22003857a 4500
001 000017251
003 CHAP
005 20220329134142.0
008 971013s1974 r 00010 d
010 _a16212
011 _a17184
035 _a21267
040 _cCHAP
090 _aFolleto 2681
100 0 0 _aGutiérrez Alemán, Néstor.
_951609
245 1 3 _aLa yuca en alimentación de cerdos; análisis económico de dos experimentos.
260 _aCali :
_bCentro Internacional de Agricultura Tropical,
_c1974.
300 _a14 p.
490 0 _aSerie ES-7
590 _aBATCH-UPD
_b10
_c20130110
_lUCH01
_h0024
590 _aBATCH-UPD
_b10
_c20130110
_lUCH01
_h1502
590 _aBATCH-UPD
_b10
_c20130410
_lUCH01
_h0923
590 _aBATCH-UPD
_b10
_c20130914
_lUCH01
_h1519
590 _aCONVERSION
_b10
_c20130109
_lUCH01
_h1310
590 _aE11695DGD
_b10
_c20150515
_lUCH01
_h1332
590 _aE5765TAJ
_b05
_c20150427
_lUCH01
_h0958
590 _aE5765TAJ
_b05
_c20150427
_lUCH01
_h1002
650 1 4 _aAlimentos y alimentacion del ganado
_xPrecios.
_94344
650 1 4 _aGanado porcino
_xAlimentación.
_945329
650 1 4 _aYuca como forraje.
_9123309
830 0 _aSerie ES-7
_9104849
901 _aBK
942 _cFOLL
942 _n0
999 _c16212
_d16212